| 000 | 00775nam a2200241 i 4500 | ||
|---|---|---|---|
| 001 | 181918 | ||
| 003 | ES-MaACL | ||
| 005 | 20251004063223.0 | ||
| 008 | 130507s2012 sp |||| | spa d | ||
| 020 | _a978849287749-2 | ||
| 080 | _a821.134.2-14"19" | ||
| 100 | 1 |
_aRuiz, Ricardo, _d1963- _9152714 |
|
| 245 | 1 | 4 |
_aLos vencidos / _cRicardo Ruiz. |
| 250 | _a1ª ed. | ||
| 260 |
_aMadrid : _bDevenir, _c2012. |
||
| 300 |
_a83 p. ; _c20 cm. |
||
| 490 | 1 |
_aDevenir poesía ; _v245 |
|
| 830 | 0 | 0 |
_aDevenir. _pSerie Poesía ; _v245 _9236243 |
| 852 |
_aES-MaACL _jA-12614 _9188826 _bR.148876 _cDEPO1 _dOlim: N-5617 _xDonación: José Luis Abellán |
||
| 903 |
_aAbellán, José Luis, _d1933-2023 _ednr _q1 _9176509 |
||
| 942 |
_2udc _cMONOGRAFIA |
||
| 999 |
_c181918 _d181918 |
||